Deserts : a miracle of life

Bibliographic Details
Main Author: Flegg, Jim
Format: Book
Published: London : Blandford , 1993
Subjects:

MARC

LEADER 00000cam a2200000 7i4500
001 0000004964
002 000005352
005 20000330.0
020 |a 0713722800 
090 0 0 |a 551.415   |b FLE 
100 1 |a Flegg, Jim 
245 1 0 |a Deserts :   |b a miracle of life   |c Jim Flegg 
260 |a London :   |b Blandford ,   |c 1993 
300 |a 159p. ;   |c 27cm. 
650 0 0 |a Deserts   |x Description and travel 
999 |a 033151   |b BUKU   |c PINJAMAN   |e PERPUSTAKAAN KOMUNITI PETALING JAYA